[Event "Martorell op 35th"]
[Site "Martorell"]
[Date "2017.10.28"]
[Round "6"]
[White "Sharaibi, Olufemi"]
[Black "Gomez Jurado, Luis Alberto"]
[Result "0-1"]
[WhiteElo "2044"]
[BlackElo "2255"]
[PlyCount "93"]
[EventDate "2017.09.16"]
[EventType "swiss"]
[EventRounds "9"]
[EventCountry "ESP"]
[SourceTitle "CBM 189 Extra"]
[Source "ChessBase"]
[SourceDate "2019.06.03"]
[SourceVersion "1"]
[SourceVersionDate "2019.06.03"]
[SourceQuality "1"]

1. e4 c5 2. Nf3 Nc6 3. d4 cxd4 4. c3 dxc3 5. Nxc3 d6 6. Bc4 e6 7. 0-0 Nge7 8. Qe2 Ng6 9. Rd1 a6 10. Be3 Be7 11. Rac1 0-0 12. a4 Kh8 13. Nd4 Nxd4 14. Rxd4 e5 15. Rd2 Bg5 16. Rcd1 Bxe3 17. Qxe3 Be6 18. Rxd6 Qe7 19. Bxe6 fxe6 20. g3 Rf7 21. Qb6 Raf8 22. Rxe6 Qg5 23. Red6 Nf4 24. Rd8 h5 25. Rxf8+ Rxf8 26. h4 Qg4 27. Rd8 Rxd8 28. Qxd8+ Kh7 29. Qd1 Qg6 30. Qd7 Ne6 31. Kh2 Qf6 32. Qd2 Nd4 33. Kg2 Qf3+ 34. Kg1 b5 35. axb5 axb5 36. Qe3 b4 37. Nd5 b3 38. Qxf3 Nxf3+ 39. Kf1 Nd2+ 40. Ke2 Nc4 41. Nc3 Nxb2 42. f4 exf4 43. gxf4 Kg6 44. Ke3 Nc4+ 45. Kd4 Nd2 46. Kd5 b2 47. e5 0-1

[Event "Martorell op 35th"]
[Site "Martorell"]
[Date "2017.09.30"]
[Round "3"]
[White "Planella Sanchez, Jordi"]
[Black "Sharaibi, Olufemi"]
[Result "0-1"]
[WhiteElo "1954"]
[BlackElo "2044"]
[PlyCount "154"]
[EventDate "2017.09.16"]
[EventType "swiss"]
[EventRounds "9"]
[EventCountry "ESP"]
[SourceTitle "CBM 189 Extra"]
[Source "ChessBase"]
[SourceDate "2019.06.03"]
[SourceVersion "1"]
[SourceVersionDate "2019.06.03"]
[SourceQuality "1"]

1. e4 c5 2. Nc3 Nc6 3. g3 g6 4. Bg2 Bg7 5. d3 d6 6. Be3 Rb8 7. Nge2 b5 8. Qd2 b4 9. Nd1 e5 10. 0-0 Nge7 11. Bh6 0-0 12. Bxg7 Kxg7 13. Ne3 Be6 14. h3 Qd7 15. Kh2 d5 16. f3 Rbd8 17. Ng4 Bxg4 18. fxg4 f6 19. Rf2 h6 20. Raf1 d4 21. Ng1 Qe6 22. b3 a5 23. Qe2 g5 24. a4 bxa3 25. Ra1 Rb8 26. Rxa3 Rb4 27. Rf1 Rfb8 28. Rfa1 Nc8 29. Nf3 Nd6 30. Nd2 Nb5 31. Rxa5 Nxa5 32. Rxa5 Qb6 33. Ra1 Qb7 34. Rf1 Nd6 35. Qf2 Qe7 36. Ra1 Qb7 37. Rf1 Rf8 38. Nf3 Qa8 39. h4 Rbb8 40. Qd2 Nf7 41. Qf2 Qa6 42. Nd2 Nd6 43. Bf3 Ra8 44. Bd1 Qa5 45. Nc4 Nxc4 46. bxc4 Qc3 47. h5 Ra7 48. Qf5 Rff7 49. Qg6+ Kf8 50. Qxh6+ Ke7 51. Qh8 Ra1 52. Qc8 Rxd1 53. Qxc5+ Kd8 54. Rxd1 Qxc2+ 55. Kh3 Qxd1 56. Qb6+ Kc8 57. Qe6+ Rd7 58. Qa6+ Kc7 59. Kg2 Qxd3 60. Qa7+ Kd6 61. c5+ Ke7 62. Qa8 Qc2+ 63. Kh3 Qc1 64. Kg2 Qxc5 65. h6 Ra7 66. Qg8 Qc2+ 67. Kh3 Qxe4 68. Qg7+ Ke6 69. Qg8+ Rf7 70. Qc8+ Rd7 71. Qe8+ Re7 72. Qc8+ Kf7 73. Kh2 Rb7 74. Qc4+ Kg6 75. Qg8+ Kxh6 76. Qf8+ Kh7 77. Qa3 Kg6 0-1

[Event "Martorell op 34th"]
[Site "Martorell"]
[Date "2016.10.15"]
[Round "5"]
[White "Torrents Busquet, Marti"]
[Black "Sharaibi, Olufemi"]
[Result "1/2-1/2"]
[WhiteElo "1900"]
[BlackElo "2040"]
[PlyCount "101"]
[EventDate "2016.09.17"]
[EventType "swiss"]
[EventRounds "9"]
[EventCountry "ESP"]
[SourceTitle "EXT 2018"]
[Source "ChessBase"]
[SourceDate "2017.10.13"]
[SourceVersion "1"]
[SourceVersionDate "2017.10.13"]
[SourceQuality "1"]

1. e4 Nc6 2. d4 e5 3. Nf3 exd4 4. Nxd4 Bc5 5. Nb3 Bb6 6. Nc3 Nf6 7. Qe2 d6 8. Bg5 h6 9. Bh4 g5 10. Bg3 Qe7 11. 0-0-0 Be6 12. f3 0-0-0 13. Bf2 d5 14. Bxb6 axb6 15. exd5 Nxd5 16. Nxd5 Rxd5 17. Rxd5 Bxd5 18. Qxe7 Nxe7 19. Bd3 c5 20. Nd2 Kc7 21. Re1 Nc6 22. a3 Be6 23. Bc4 Bxc4 24. Nxc4 b5 25. Ne5 Re8 26. Nd3 Rxe1+ 27. Nxe1 Nd4 28. Kd2 Kd6 29. Nd3 f5 30. Nf2 Kd5 31. Nd1 h5 32. Nc3+ Ke5 33. Ne2 Nxe2 34. Kxe2 Kd4 35. Kd2 b4 36. axb4 cxb4 37. Ke2 h4 38. h3 Kc4 39. Kd2 b3 40. c3 Kd5 41. Kd3 b5 42. Kd2 Kc4 43. Ke3 Kd5 44. Kd3 Kc5 45. Kd2 Kc4 46. Ke3 Kc5 47. Kd2 Kd6 48. Kd3 Kd5 49. Ke3 Ke5 50. Ke2 Kf4 51. Kf2 1/2-1/2

[Event "Martorell op 23rd"]
[Site "Martorell"]
[Date "2015.11.14"]
[Round "8"]
[White "Sharaibi, Olufemi"]
[Black "Lluverol Torrents, Salvador"]
[Result "1/2-1/2"]
[WhiteElo "2176"]
[BlackElo "2104"]
[PlyCount "84"]
[EventDate "2015.09.19"]
[EventType "swiss"]
[EventRounds "8"]
[EventCountry "ESP"]
[SourceTitle "EXT 2017"]
[Source "ChessBase"]
[SourceDate "2016.10.25"]
[SourceVersion "1"]
[SourceVersionDate "2016.10.25"]
[SourceQuality "1"]

1. f4 d5 2. e3 Nf6 3. Nf3 g6 4. b3 Bg7 5. Bb2 0-0 6. Be2 c5 7. 0-0 Nc6 8. Ne5 Qc7 9. Nc3 Be6 10. Rc1 a6 11. d4 cxd4 12. exd4 Bf5 13. g4 Be4 14. g5 Nd7 15. Nxe4 dxe4 16. Ng4 Rad8 17. c3 b5 18. Qc2 Qb6 19. Kh1 b4 20. d5 bxc3 21. Bxc3 Nd4 22. Qxe4 Nxe2 23. Bxg7 Kxg7 24. Qxe2 Qb7 25. Qf3 Nb6 26. Qc3+ f6 27. gxf6+ exf6 28. Qc7+ Qxc7 29. Rxc7+ Rf7 30. Rxf7+ Kxf7 31. Ne3 Nxd5 32. Rd1 Ke6 33. Kg1 Rd7 34. f5+ gxf5 35. Nxd5 Rxd5 36. Rc1 Ke5 37. Rc2 f4 38. Kf2 Rd3 39. Rc5+ Ke4 40. Rc4+ Rd4 41. Rc2 Rd3 42. Rc4+ Rd4 1/2-1/2

[Event "Martorell op 23rd"]
[Site "Martorell"]
[Date "2015.11.07"]
[Round "7"]
[White "Alves Garcia, Eric"]
[Black "Sharaibi, Olufemi"]
[Result "0-1"]
[WhiteElo "2096"]
[BlackElo "2176"]
[PlyCount "78"]
[EventDate "2015.09.19"]
[EventType "swiss"]
[EventRounds "8"]
[EventCountry "ESP"]
[SourceTitle "EXT 2017"]
[Source "ChessBase"]
[SourceDate "2016.10.25"]
[SourceVersion "1"]
[SourceVersionDate "2016.10.25"]
[SourceQuality "1"]

1. e4 Nc6 2. Nf3 f5 3. exf5 d5 4. d4 Bxf5 5. Bf4 Nf6 6. Bb5 a6 7. Bxc6+ bxc6 8. Ne5 Qd6 9. c3 Nd7 10. 0-0 Nxe5 11. Bxe5 Qd7 12. Nd2 e6 13. Qf3 Bd6 14. Qg3 0-0 15. b4 Rf6 16. Qe3 Rg6 17. Bg3 Bg4 18. Nf3 Bxf3 19. Qxf3 a5 20. a3 axb4 21. axb4 Rf8 22. Qe2 Bxg3 23. fxg3 Rgf6 24. Rxf6 gxf6 25. Re1 Re8 26. Qg4+ Qg7 27. Qh5 Qg6 28. Qf3 e5 29. Rf1 Kg7 30. h4 h5 31. Ra1 Re7 32. Ra6 exd4 33. cxd4 Qb1+ 34. Kh2 Re1 35. g4 Rh1+ 36. Kg3 Qe1+ 37. Qf2 Qc1 38. gxh5 Rf1 39. Qe2 Qf4+ 0-1

[Event "Barcelona Tancat Sant Marti 2nd"]
[Site "Barcelona"]
[Date "2010.10.16"]
[Round "3"]
[White "Salvo Garcia, Roger"]
[Black "Sharaibi, Olufemi"]
[Result "1/2-1/2"]
[WhiteElo "2128"]
[BlackElo "2103"]
[PlyCount "116"]
[EventDate "2010.10.02"]
[EventType "tourn"]
[EventRounds "9"]
[EventCountry "ESP"]
[SourceTitle "EXT 2024"]
[Source "ChessBase"]
[SourceDate "2023.10.10"]
[SourceVersion "1"]
[SourceVersionDate "2023.10.10"]
[SourceQuality "1"]

1. d4 f5 2. c4 e6 3. g3 Nf6 4. Bg2 Be7 5. Nf3 0-0 6. 0-0 d6 7. Nc3 Qe8 8. b3 a5 9. Ba3 Na6 10. Rc1 Nb4 11. Ne1 e5 12. Nd3 Nxd3 13. exd3 c6 14. c5 dxc5 15. dxe5 Ng4 16. Qe2 c4 17. Bxe7 cxd3 18. Qxd3 Qxe7 19. Rfe1 Rd8 20. Qe2 Be6 21. h3 Nh6 22. Na4 Rd4 23. Nc5 g5 24. Nxe6 Qxe6 25. Qe3 Rd7 26. Qxg5+ Rg7 27. Qf4 Rd8 28. Qc4 Qxc4 29. Rxc4 Rd2 30. Ra4 Re7 31. Rxa5 Nf7 32. Bf1 Ng5 33. Bg2 Ne6 34. Ra7 Kf7 35. b4 Nd4 36. a3 Ke6 37. h4 Nc2 38. Rb1 Kxe5 39. Bxc6 Kf6 40. Rxb7 Ree2 41. Rf1 Nxa3 42. Rxh7 Rb2 43. Rb7 Rec2 44. b5 Nc4 45. Rd7 Ne5 46. Rd6+ Kg7 47. Rd5 Kf6 48. Rd6+ Kg7 49. Rd4 Rxc6 50. bxc6 Nf3+ 51. Kg2 Nxd4 52. Rc1 Rb8 53. Rc4 Ne6 54. Kf3 Rb3+ 55. Kg2 Rb8 56. Kf3 Kf6 57. g4 fxg4+ 58. Kxg4 Rg8+ 1/2-1/2

[Event "Hospitalet op"]
[Site "Hospitalet"]
[Date "2009.01.02"]
[Round "6"]
[White "Walter Travella, German"]
[Black "Sharaibi, Olufemi"]
[Result "0-1"]
[WhiteElo "2006"]
[BlackElo "2116"]
[PlyCount "80"]
[EventDate "2008.12.27"]
[EventType "swiss"]
[EventRounds "9"]
[EventCountry "ESP"]
[SourceTitle "CBM 128 Extra"]
[Source "ChessBase"]
[SourceDate "2009.03.05"]
[SourceVersion "2"]
[SourceVersionDate "2009.03.25"]
[SourceQuality "1"]

1. c4 e5 2. Nc3 Nc6 3. e4 g6 4. Nf3 Bg7 5. g3 d6 6. Bg2 Nf6 7. d4 0-0 8. dxe5 dxe5 9. Qxd8 Rxd8 10. Bg5 Re8 11. Rd1 Bg4 12. h3 Bxf3 13. Bxf3 Nd4 14. Rd3 c6 15. Bd1 a5 16. f4 Nd7 17. 0-0 Nc5 18. Rd2 h6 19. Bh4 exf4 20. gxf4 Nxe4 21. Nxe4 Rxe4 22. Re1 Rae8 23. Rxe4 Rxe4 24. Bd8 a4 25. Kg2 Ne6 26. Bxa4 Bd4 27. Bc2 Re3 28. Bc7 Bxb2 29. Bb6 Nxf4+ 30. Kf2 Rxh3 31. Rd8+ Kg7 32. Rd7 Bf6 33. Rxb7 g5 34. Bf5 Rh2+ 35. Kf3 Rxa2 36. Be3 Ra3 37. Ke4 Ra4 38. Bxf4 Rxc4+ 39. Kd3 Rxf4 40. Be4 c5 0-1

[Event "Badalona op 34th"]
[Site "Badalona"]
[Date "2008.08.05"]
[Round "5"]
[White "Sharaibi, Olufemi"]
[Black "Vehi Bach, Victor Manuel"]
[Result "0-1"]
[WhiteElo "2132"]
[BlackElo "2411"]
[PlyCount "144"]
[EventDate "2008.08.01"]
[EventType "swiss"]
[EventRounds "9"]
[EventCountry "ESP"]
[SourceTitle "CBM 125 Extra"]
[Source "ChessBase"]
[SourceDate "2008.09.01"]
[SourceVersion "1"]
[SourceVersionDate "2008.09.01"]
[SourceQuality "1"]

1. e4 c5 2. Nf3 e6 3. d4 cxd4 4. Nxd4 a6 5. g3 d5 6. Bg2 dxe4 7. 0-0 f5 8. Bf4 Nf6 9. Nc3 Bc5 10. Nb3 Qxd1 11. Raxd1 Ba7 12. Bd6 Nc6 13. h3 Kf7 14. Bc5 Bxc5 15. Nxc5 b6 16. Rd6 bxc5 17. Rxc6 Rb8 18. b3 Rd8 19. Rxc5 Bb7 20. Rd1 Rbc8 21. Rc4 Rxc4 22. bxc4 Rxd1+ 23. Nxd1 Ke7 24. Kf1 Nd7 25. Ke1 Ne5 26. Ne3 Kd6 27. Kd2 Kc5 28. Kc3 g5 29. Bf1 a5 30. Nd1 f4 31. Nb2 Bc6 32. gxf4 gxf4 33. h4 Nf3 34. h5 h6 35. Bh3 e5 36. a3 Ng5 37. Bf5 Nf7 38. Bg6 Nd6 39. f3 Kb6 40. fxe4 Bxe4 41. Na4+ Kc6 42. c5 Bxg6 43. hxg6 Ne4+ 44. Kd3 Nf6 45. g7 h5 46. Nc3 h4 47. Ke2 h3 48. Kf1 Ng8 49. Ne4 Kd5 50. Kg1 f3 51. Nf2 Kxc5 52. Kf1 h2 53. Ke1 Kc4 54. Kd2 a4 55. Nh1 e4 56. Nf2 Kd4 57. c3+ Kc4 58. Ke3 Nf6 59. Nh1 Kxc3 60. Nf2 Kb3 61. g8Q+ Nxg8 62. Kxe4 Kxa3 63. Kxf3 h1Q+ 64. Nxh1 Kb3 65. Nf2 a3 66. Nd3 Kc3 67. Nc1 Ne7 68. Ke4 Nc6 69. Na2+ Kb2 70. Kd3 Kxa2 71. Kc2 Nd4+ 72. Kc1 Ka1 0-1